La náusea
Salvato in:
| Autore principale: | |
|---|---|
| Natura: | Libro |
| Lingua: | Undetermined |
| Pubblicazione: |
Buenos Aires, Argentina
Losada
1973
|
| Edizione: | 14 ed. |
| Soggetti: | |
| Tags: |
Aggiungi Tag
Nessun Tag, puoi essere il primo ad aggiungerne!!
|
MARC
| LEADER | 00000nam a2200000Ia 4500 | ||
|---|---|---|---|
| 008 | 170316s9999 xx 000 0 und d | ||
| 040 | |a cru BVZT | ||
| 090 | |a 840 S-10n | ||
| 100 | |a Sartre, Jean-Paul |9 318 | ||
| 245 | |a La náusea |c / Jean-Paul, Sartre ; traducción por Aurora Bernárdez | ||
| 250 | |a 14 ed. | ||
| 260 | |a Buenos Aires, Argentina |b Losada |c 1973 | ||
| 300 | |a 198 páginas | ||
| 650 | |a LITERATURA FRANCESA |9 109 | ||
| 650 | |a NOVELA |9 13 | ||
| 999 | |c 7971 |d 7971 | ||
| 942 | |c 15 D |h 840 S-10n |2 z | ||
